[Event "Stay Safe Play From Home 347"]
[Site "Emanuel Lasker Arena"]
[Date "2020.07.31"]
[Round "1"]
[White "NTBT_DHS"]
[Black "SelamiSahin"]
[Result "1-0"]
[WhiteElo "2584"]
[BlackElo "2153"]
[Annotator "TA"]
[PlyCount "51"]
[EventDate "2020.07.31"]
[EventType "swiss (blitz)"]

{[%evp 9,50,14,22,4,0,-8,19,0,0,0,7,-72,-67,-59,-49,-125,-112,-129,237,235,380,299,410,404,725,397,546,371,357,286,376,371,403,347,1925,1950,29996,29997,29997,29998,29998,29999,29999]} 1. e4 c6 2. Nf3 d5 3. exd5 cxd5 4. d4 Bg4 5. Bb5+ Nc6 6. O-O {B13: Caro-Kann: Exchange Variation and Panov-Botvinnik Attack.} e6 7. c4 $5 {[%mdl 4] An interesting side line.} Nf6 8. Nc3 {The position is equal.} dxc4 9. h3 {[#]} Bh5 $146 ({Predecessor:} 9... Bxf3 10. Qxf3 Rc8 11. Rd1 a6 12. Bxc6+ Rxc6 13. d5 Nxd5 14. Nxd5 exd5 15. Rxd5 Qc8 {½-½ (24) Vieth,M (1915)-Bahr,P (1923) ICCF email 2010}) 10. Qa4 (10. g4 $11 {keeps the balance.} Bg6 11. Qa4 (11. Bxc4 Be7 $11)) 10... Bxf3 $1 $17 11. gxf3 {aiming for d5.} Qd6 12. Bf4 ({White should try} 12. Rd1 $15) 12... Qxf4 13. Bxc6+ bxc6 $2 {[%mdl 8192] Loses the game.} (13... Kd8 $17 {and life is bright.} 14. Bxb7 Bd6) 14. Qxc6+ $18 {[%mdl 64] [#] Double Attack} Ke7 (14... Nd7 $142) 15. Qb7+ Ke8 {White must now prevent ...Rb8.} 16. Qxa8+ Ke7 (16... Kd7 $142 17. Rfc1 Qh2+ 18. Kf1 g6 19. Qxa7+ Qc7 20. Qxc7+ Kxc7) 17. Qxa7+ Nd7 18. Qa3+ Kf6 19. Ne4+ Kg6 20. Qe3 Qh4 21. Kh2 {Intending Rg1+ and mate.} Nf6 $2 (21... h6 22. a4 Kh7) 22. Rg1+ Kh5 23. Rg5+ {White mates.} Kh6 24. Rg4+ {[%mdl 64] [#] Discovered Attack} Kh5 25. Rxh4+ Kxh4 26. Qg5# {Accuracy: White = 51%, Black = 26%.} 1-0

[Event "Stay Safe Play From Home 347"]
[Site "Emanuel Lasker Arena"]
[Date "2020.07.31"]
[Round "1"]
[White "Mepe_Nika"]
[Black "Padmaesh M K"]
[Result "1-0"]
[WhiteElo "2400"]
[BlackElo "1872"]
[Annotator "TA"]
[PlyCount "85"]
[EventDate "2020.07.31"]
[EventType "swiss (blitz)"]

{[%evp 9,85,7,0,-32,50,31,20,-80,24,25,26,32,31,36,33,22,26,-6,43,43,44,52,46,51,47,42,63,60,59,47,75,27,21,2,7,1,29,0,0,0,0,0,0,0,0,0,0,0,0,0,21,-27,0,-46,-46,-283,-287,-268,0,0,0,-96,0,0,0,-453,-487,-675,-671,-727,-727,-719,-689,-626,-546,-447,0,-885]} 1. d4 Nf6 2. Bf4 d5 3. e3 Bf5 4. c4 e6 5. Nc3 Bb4 6. Qb3 {D00: 1 d4 d5: Unusual lines.} Bxc3+ (6... Nc6 $15) 7. Qxc3 O-O 8. Bd3 {[#]} (8. h4 $11) 8... Ne4 $146 (8... Bxd3 $17 9. Qxd3 {[#]} c5 $1 {[%mdl 512]}) ({Predecessor:} 8... Bxd3 9. Qxd3 Qe7 10. c5 Nbd7 11. Nf3 Rac8 12. O-O h6 13. Nd2 e5 14. Bg3 e4 {1-0 (32) Weyerer,N (1362)-Negru,M (1326) Bad Soden 2019}) 9. Bxe4 $11 Bxe4 10. f3 Bg6 11. Ne2 c6 12. O-O Nd7 13. b4 Nf6 14. a4 dxc4 15. Qxc4 Nd5 16. e4 Nxf4 17. Nxf4 Qd7 18. Rfd1 Rac8 19. Rac1 Qc7 20. Nxg6 hxg6 21. d5 exd5 22. exd5 Qb6+ 23. Kh1 cxd5 24. Qxc8 Rxc8 25. Rxc8+ {[%mdl 4096] Endgame KQ-KRR} Kh7 26. b5 Qa5 27. h3 Qxa4 28. Rxd5 Qa1+ 29. Kh2 a6 30. f4 a5 31. Rdd8 {[%csl Gc8][%cal Rd8h8] [#]} g5 $1 {[%cal Rg5f4][%mdl 512]} 32. Rd5 $2 (32. Rd7 $15) (32. fxg5 Qe5+) 32... gxf4 $19 33. Rc4 Qe1 $2 (33... Qf1 $19 34. Rc3 a4) 34. Rxf4 $11 f6 35. Rf3 (35. b6 $1 $11 {was the only way to keep the balance.}) 35... a4 ({Black should try} 35... b6 $17 36. Rg3 Qe8) 36. b6 Qb4 {Strongly threatening ...a3.} 37. Rdd3 $2 {[%mdl 8192]} (37. Rd7 $11) 37... Qxb6 $19 38. Ra3 Qd6+ 39. Kh1 b5 40. Rad3 Qb4 41. Kh2 Qb1 42. Rg3 {intending Rd7.} b4 $2 (42... g5 $19 {White must now prevent ...b4.} 43. Rd7+ Kg6) 43. Rdf3 $2 {[%mdl 40960] Accuracy: White = 52%, Black = 64%. . Loss on time!?} (43. Rd7 $11) 1-0

[Event "Stay Safe Play From Home 347"]
[Site "Emanuel Lasker Arena"]
[Date "2020.07.31"]
[Round "1"]
[White "Little champs"]
[Black "Edmatuag"]
[Result "0-1"]
[WhiteElo "2176"]
[BlackElo "1705"]
[Annotator "TA"]
[PlyCount "72"]
[EventDate "2020.07.31"]
[EventType "swiss (blitz)"]

{[%evp 9,72,-5,-10,-55,-38,-42,-39,-50,-46,-60,-32,-77,-50,-78,-70,-65,-64,-148,-140,-147,-145,-203,-189,-247,-237,-224,-213,-384,-329,-424,-303,-292,-112,-245,-257,-575,-310,-453,-448,-440,-429,-885,-847,-2895,-1331,-1910,-1910,-29979,-2492,-29980,-29983,-29989,-29990,-29991,-29992,-29992,-1401,-1312,-1269,-5489,-5422,-29992,-29985,-29997,-29998]} 1. d4 c6 2. e3 d5 3. c3 Nd7 {[#]} 4. h3 $146 ({Predecessor:} 4. Nf3 e6 5. Be2 Be7 6. O-O Ngf6 7. Ne5 O-O 8. f4 Re8 9. Nd2 Nxe5 10. dxe5 {0-1 (48) Bester,K (706)-Jaszczowski,Z (907) LSS email 2011}) 4... Qc7 5. a3 e5 6. g3 {D00: 1 d4 d5: Unusual lines.} f5 7. b3 e4 8. Bg2 {Black is slightly better.} Ngf6 9. Ne2 Bd6 10. Nd2 g5 11. c4 Nf8 $1 12. c5 Be7 13. Qc2 (13. h4 $1 $15) 13... Ng6 $17 14. Bb2 f4 15. gxf4 (15. Bf1 $17 {was worth a try.}) 15... gxf4 $19 16. exf4 (16. Bf1 $142) 16... Nxf4 17. Nxf4 Qxf4 18. O-O-O $2 (18. Nf1 {is a better defense.}) 18... Bf5 19. Qc3 O-O-O 20. Qe3 Qc7 $2 (20... Nh5 $19 {has better winning chances. White must now prevent ...Bh4.} 21. h4 Kb8) 21. Kb1 (21. f3 $17) 21... Rhg8 22. Rhg1 $2 (22. Bf1) 22... Nh5 {And now ...Bg5 would win.} 23. Bh1 (23. Ka2 {was necessary.}) 23... Qh2 24. Rxg8 Rxg8 25. f3 (25. Nc4 $142) 25... Bg5 26. Qe1 e3+ (26... Bxd2 $142 27. Rxd2 e3+ {[%mdl 64] Discovered Attack} 28. Ka2 exd2 29. Qe4 dxe4 30. a4 d1=Q {[%mdl 64] Double Attack} 31. Bg2 Rxg2 32. Ka3 Rxb2 33. Kb4 Qxb3+ 34. Ka5 Qd2#) 27. Ka1 exd2 28. Qf1 Bc2 29. f4 Bxd1 30. fxg5 Bxb3 31. Qf5+ Kb8 32. Bf3 d1=Q+ (32... Re8 $142 33. Bd1 {[#]} Qh1 $1 {[%mdl 512]} 34. Qb1 Re1 $1 {[%mdl 512]} 35. Bxb3 Rxb1+ 36. Ka2 d1=Q 37. Bxd1 Qxd1 38. a4 Qc2 $1 {[%mdl 512]} 39. h4 Qxb2#) 33. Bxd1 Bxd1 34. Qf7 Rc8 {( -> ...Qg1)} 35. Qxh7 Bb3 36. Qxh5 Qh1+ {White got outplayed after the opening. Accuracy: White = 13%, Black = 69%.} 0-1

[Event "Stay Safe Play From Home 347"]
[Site "Emanuel Lasker Arena"]
[Date "2020.07.31"]
[Round "1"]
[White "TheCHESSHOUSE"]
[Black "AChessPlayer"]
[Result "0-1"]
[WhiteElo "2163"]
[BlackElo "2438"]
[Annotator "TA"]
[PlyCount "94"]
[EventDate "2020.07.31"]
[EventType "swiss (blitz)"]

{[%evp 26,94,52,34,67,0,63,60,44,0,19,-22,-10,-16,-16,-16,-16,-22,-14,-14,-14,-57,-56,-53,-61,-231,-73,-73,-73,-191,-73,-73,-62,-69,-64,-155,-155,-155,-155,-155,-155,-274,0,-156,-156,-274,-274,-351,-295,-399,-309,-701,-681,-657,-536,-521,-422,-593,-574,-639,-466,-2527,-2318,-29980,-29981,-29985,-29986,-29989,-29990,-29992,-29985]} 1. d4 Nf6 2. c4 g6 3. Nc3 Bg7 4. e4 d6 5. Nf3 O-O 6. Be2 e5 7. O-O Nc6 8. d5 Ne7 9. Ne1 Nd7 10. Be3 f5 11. f3 f4 12. Bf2 g5 13. g4 fxg3 14. hxg3 h5 {E99: King's Indian: Classical Main Line: 9 Ne1 Nd7 10 f3 f5.} 15. Kg2 (15. Qd2 $1 $14) 15... Nf6 (15... h4 $11) 16. Nd3 $14 Ng6 {White is slightly better.} 17. Rh1 (17. Qd2 $5 {[%cal Rd2g5]}) 17... h4 18. g4 {[#]} (18. Qd2 $5 {[%cal Rd2g5]} Nh5 19. Rag1 $11) 18... a5 $146 ({Predecessor:} 18... Nf4+ 19. Nxf4 exf4 20. Qc2 Nd7 21. Nb5 Ne5 22. Nd4 c5 23. dxc6 bxc6 24. Rad1 Rb8 {0-1 (40) Lobo Rodriguez,J (2261)-Alba Obaya,A Gijon 1994}) 19. Rc1 b6 20. Be3 Nd7 21. Qd2 Nf4+ 22. Nxf4 exf4 23. Bd4 Bxd4 24. Qxd4 Ne5 25. Nd1 $2 {[#]} (25. Rcf1 $15) 25... Bd7 $2 (25... Bxg4 $1 $19 {[%mdl 512] is more deadly. Threatens to win with ...h3+.} 26. Nf2 (26. fxg4 f3+) 26... Bd7) 26. Nf2 $17 Qf6 27. Qd2 {[#]} (27. Qc3 $17 {was necessary.}) 27... Kg7 (27... Bxg4 $1 $19 {[%mdl 512]} 28. Rc3 (28. Nxg4 Nxg4) 28... Bd7) 28. Qc3 a4 29. a3 Ra5 30. b3 ({White should try} 30. Nd3 $15) 30... axb3 31. Qxb3 Rfa8 32. Ra1 Ba4 33. Qb2 {[#]} (33. Qb4 $17) 33... Bd7 (33... Nxg4 $1 $19 {[%mdl 512]} 34. Qxf6+ (34. Nxg4 Qxb2) 34... Nxf6) 34. Qb3 $1 Ng6 $36 {[%mdl 2048] Black is on the roll.} 35. Nd3 (35. Rhc1 $17 {might work better.}) 35... Qd4 $19 36. Nf2 Ne5 37. Rhd1 Qe3 38. Qb2 $2 (38. Qxe3 fxe3 39. Nd3) 38... Rxa3 39. Rxa3 Qxa3 40. Qd4 Qc5 41. Qc3 (41. Qb2 {was worth a try.} Qa3 42. Qd4) 41... Ra3 42. Qb2 Qa5 {aiming for ...Ra2!} 43. Nd3 (43. Rd2 $142 Kh7 44. Qc1) 43... Ra2 44. Qd4 Rxe2+ {Black mates.} 45. Kf1 Rd2 46. Rxd2 Qxd2 47. Kg1 Qxd3 {Accuracy: White = 28%, Black = 66%.} 0-1

[Event "Stay Safe Play From Home 347"]
[Site "Emanuel Lasker Arena"]
[Date "2020.07.31"]
[Round "1"]
[White "Stefanone"]
[Black "Trotsky"]
[Result "1-0"]
[WhiteElo "2059"]
[BlackElo "1575"]
[PlyCount "65"]
[EventDate "2020.07.31"]
[EventType "swiss (blitz)"]

1. d4 {[%emt 0:00:01]} d5 {[%emt 0:00:03]} 2. f4 {[%emt 0:00:00]} e6 {[%emt 0:00:00]} 3. e3 {[%emt 0:00:00]} c5 {[%emt 0:00:01]} 4. Nf3 {[%emt 0:00:00]} Nc6 {[%emt 0:00:01]} 5. Bd3 {[%emt 0:00:01]} Bd6 {[%emt 0:00:01]} 6. c3 {[%emt 0:00:01]} c4 {[%emt 0:00:00]} 7. Qe2 {[%emt 0:00:01]} Qc7 {[%emt 0:00:00]} 8. Bc2 {[%emt 0:00:01]} Bd7 {[%emt 0:00:01]} 9. Nbd2 {[%emt 0:00:00]} O-O-O {[%emt 0:00:01]} 10. Ne5 {[%emt 0:00:00]} Rf8 {[%emt 0:00:04]} 11. e4 {[%emt 0:00:02]} h5 {[%emt 0:00:01]} 12. Nxc6 {[%emt 0:00:01]} Qxc6 {[%emt 0:00:01]} 13. e5 {[%emt 0:00:01]} Be7 {[%emt 0:00:02]} 14. O-O {[%emt 0:00:01]} Qc7 {[%emt 0:00:00]} 15. f5 {[%emt 0:00:01]} f6 {[%emt 0:00:02]} 16. fxe6 {[%emt 0:00:01]} Bc6 {[%emt 0:00:01]} 17. exf6 {[%emt 0:00:01]} gxf6 {[%emt 0:00:03]} 18. Nf3 {[%emt 0:00:00]} Bd6 {[%emt 0:00:01]} 19. g3 {[%emt 0:00:02]} Nh6 {[%emt 0:00:02]} 20. Bxh6 {[%emt 0:00:02]} Rxh6 {[%emt 0:00:02]} 21. Nh4 {[%emt 0:00:01]} Bxg3 {[%emt 0:00:03]} 22. hxg3 {[%emt 0:00:00]} Qxg3+ {[%emt 0:00:01]} 23. Qg2 {[%emt 0:00:01]} Qxh4 {[%emt 0:00:01]} 24. e7 {[%emt 0:00:05]} Rfh8 {[%emt 0:00:06]} 25. Rae1 {[%emt 0:00:02]} R6h7 {[%emt 0:00:07]} 26. Rf3 {[%emt 0:00:06]} Bd7 {[%emt 0:00:02]} 27. Ref1 {[%emt 0:00:04]} Rxe7 {[%emt 0:00:02]} 28. Rg3 {[%emt 0:00:02]} Rhe8 {[%emt 0:00:02]} 29. Bg6 {[%emt 0:00:02]} Rg8 {[%emt 0:00:02]} 30. Rxf6 {[%emt 0:00:02]} Qe4 {[%emt 0:00:03]} 31. Qxe4 {[%emt 0:00:02]} dxe4 {[%emt 0:00:01]} 32. Re3 {[%emt 0:00:02]} Rxg6+ {[%emt 0:00:02]} 33. Rxg6 {[%emt 0:00:01] . Âðåìÿ (Lag: Av=0.26s, max=0.5s)} 1-0

[Event "Stay Safe Play From Home 347"]
[Site "Emanuel Lasker Arena"]
[Date "2020.07.31"]
[Round "1"]
[White "Buzaglo"]
[Black "Klasman"]
[Result "1-0"]
[WhiteElo "1837"]
[BlackElo "1319"]
[Annotator "NA"]
[PlyCount "41"]
[EventDate "2020.07.31"]
[EventType "swiss (blitz)"]

1. d4 {[%emt 0:00:01]} f5 {[%emt 0:00:01]} 2. Nf3 {[%emt 0:00:00]} Nf6 {[%emt 0:00:01]} 3. g3 {[%emt 0:00:00]} e6 {[%emt 0:00:01]} 4. Bg2 {[%emt 0:00:00]} d5 {[%emt 0:00:01]} 5. O-O {[%emt 0:00:00]} c5 {[%emt 0:00:01]} 6. Nbd2 {[%emt 0:00:00]} Nc6 {[%emt 0:00:02]} 7. c3 {[%emt 0:00:01]} Bd7 {[%emt 0:00:04]} 8. a3 {[%emt 0:00:01]} cxd4 {[%emt 0:00:03]} 9. cxd4 {[%emt 0:00:01]} Bd6 {[%emt 0:00:04]} 10. b4 {[%emt 0:00:01]} a6 {[%emt 0:00:02]} 11. Bb2 {[%emt 0:00:01]} O-O {[%emt 0:00:02]} 12. Rc1 {[%emt 0:00:01]} Qb6 {[%emt 0:00:04]} 13. Ne5 {[%emt 0:00:01]} Nxd4 {[%emt 0:00:05]} 14. Nxd7 {[%emt 0:00:02]} Nxd7 {[%emt 0:00:05]} 15. Nf3 {[%emt 0:00:05]} Nxf3+ {[%emt 0:00:06]} 16. Bxf3 {[%emt 0:00:00]} Be5 {[%emt 0:00:03]} 17. Bxe5 {[%emt 0:00:02]} Nxe5 {[%emt 0:00:01]} 18. Bg2 {[%emt 0:00:00]} f4 {[%emt 0:00:03]} 19. Rc5 {[%emt 0:00:09]} fxg3 {[%emt 0:00:02]} 20. hxg3 {[%emt 0:00:01]} Rf6 {[%emt 0:00:07]} 21. Qc2 {[%emt 0:00:02] Time (Lag: Av=0.52s, max=0.7s)} 1-0

[Event "Stay Safe Play From Home 347"]
[Site "Emanuel Lasker Arena"]
[Date "2020.07.31"]
[Round "1"]
[White "Gibiz144"]
[Black "Hickey"]
[Result "0-1"]
[WhiteElo "1598"]
[BlackElo "2028"]
[Annotator "NA"]
[PlyCount "88"]
[EventDate "2020.07.31"]
[EventType "swiss (blitz)"]

1. d4 {[%emt 0:00:01]} Nf6 {[%emt 0:00:01]} 2. Bg5 {[%emt 0:00:01]} e6 {[%emt 0:00:00]} 3. Bxf6 {[%emt 0:00:01]} Qxf6 {[%emt 0:00:01]} 4. e3 {[%emt 0:00:00]} Be7 {[%emt 0:00:01]} 5. Bd3 {[%emt 0:00:01]} O-O {[%emt 0:00:00]} 6. c3 {[%emt 0:00:00]} d5 {[%emt 0:00:01]} 7. Qc2 {[%emt 0:00:01]} g6 {[%emt 0:00:02]} 8. h4 {[%emt 0:00:01]} c5 {[%emt 0:00:00]} 9. h5 {[%emt 0:00:01]} Nc6 {[%emt 0:00:00]} 10. hxg6 {[%emt 0:00:01]} fxg6 {[%emt 0:00:00]} 11. Nf3 {[%emt 0:00:01]} e5 {[%emt 0:00:01]} 12. dxe5 {[%emt 0:00:01]} Nxe5 {[%emt 0:00:00]} 13. Nxe5 {[%emt 0:00:01]} Qxe5 {[%emt 0:00:01]} 14. Nd2 {[%emt 0:00:01]} Bf5 {[%emt 0:00:01]} 15. Nf3 {[%emt 0:00:03]} Qe6 {[%emt 0:00:02]} 16. Nh4 {[%emt 0:00:01]} Bxh4 {[%emt 0:00:04]} 17. Rxh4 {[%emt 0:00:02]} Qf6 {[%emt 0:00:01]} 18. Rf4 {[%emt 0:00:01]} Bxd3 {[%emt 0:00:04]} 19. Qxd3 {[%emt 0:00:03]} Qe6 {[%emt 0:00:01]} 20. Rxf8+ {[%emt 0:00:04]} Rxf8 {[%emt 0:00:00]} 21. Rd1 {[%emt 0:00:01]} Rf5 {[%emt 0:00:02]} 22. g4 {[%emt 0:00:02]} Re5 {[%emt 0:00:01]} 23. Ke2 {[%emt 0:00:02]} Qxg4+ {[%emt 0:00:01]} 24. f3 {[%emt 0:00:01]} Qg2+ {[%emt 0:00:02]} 25. Ke1 {[%emt 0:00:02]} Qxf3 {[%emt 0:00:02]} 26. c4 {[%emt 0:00:03]} Qxe3+ {[%emt 0:00:02]} 27. Qxe3 {[%emt 0:00:01]} Rxe3+ {[%emt 0:00:00]} 28. Kf2 {[%emt 0:00:01]} d4 {[%emt 0:00:00]} 29. b4 {[%emt 0:00:01]} b6 {[%emt 0:00:01]} 30. bxc5 {[%emt 0:00:01]} bxc5 {[%emt 0:00:00]} 31. Rb1 {[%emt 0:00:01]} Rc3 {[%emt 0:00:01]} 32. Rb8+ {[%emt 0:00:01]} Kg7 {[%emt 0:00:01]} 33. Rb7+ {[%emt 0:00:01]} Kh6 {[%emt 0:00:00]} 34. Rxa7 {[%emt 0:00:01]} Rxc4 {[%emt 0:00:00]} 35. a4 {[%emt 0:00:01]} Rc2+ {[%emt 0:00:00]} 36. Ke1 {[%emt 0:00:01]} c4 {[%emt 0:00:00]} 37. a5 {[%emt 0:00:01]} d3 {[%emt 0:00:00]} 38. Kd1 {[%emt 0:00:01]} Rc3 {[%emt 0:00:02]} 39. Rd7 {[%emt 0:00:03]} Ra3 {[%emt 0:00:01]} 40. Rd5 {[%emt 0:00:01]} c3 {[%emt 0:00:03]} 41. Rxd3 {[%emt 0:00:01]} Rxa5 {[%emt 0:00:00]} 42. Rxc3 {[%emt 0:00:01]} Rf5 {[%emt 0:00:00]} 43. Rh3+ {[%emt 0:00:01]} Kg7 {[%emt 0:00:00]} 44. Ke2 {[%emt 0:00:01]} Rh5 {[%emt 0:00:00] Zeit (Lag: Av=0.72s, max=1.1s)} 0-1

[Event "Stay Safe Play From Home 347"]
[Site "Emanuel Lasker Arena"]
[Date "2020.07.31"]
[Round "2"]
[White "AChessPlayer"]
[Black "Stefanone"]
[Result "1-0"]
[WhiteElo "2444"]
[BlackElo "2061"]
[Annotator "TA"]
[PlyCount "95"]
[EventDate "2020.07.31"]
[EventType "swiss (blitz)"]

{[%evp 9,95,40,51,45,49,38,61,57,55,62,60,41,105,55,97,47,45,0,51,23,32,14,76,27,64,18,58,37,53,-10,59,-50,43,-18,0,0,16,3,210,216,177,177,211,103,300,299,320,309,334,322,509,348,637,647,641,630,1036,1031,1022,976,1282,1264,1108,843,1462,1456,1704,1334,2426,1549,2106,2068,29989,6647,5210,5210,5202,4549,5127,2980,29980,29981,29986,29987,29987,29988,29989,29990]} 1. Nf3 d5 2. g3 c6 3. Bg2 e6 4. d3 f5 5. O-O Nf6 6. Nbd2 {A07: Réti Opening: New York and Capablanca Systems.} Bc5 7. e4 O-O {[%cal Rd5e4] [#]} 8. e5 $146 {Hoping for d4.White is slightly better.} ({Predecessor:} 8. exf5 exf5 9. Nb3 Bd6 10. Bd2 Nbd7 11. Nbd4 Ne5 12. Re1 Nf7 13. a4 Bd7 14. c3 Qc7 15. Qc2 Rae8 16. Rab1 {½-½ (16) Sizov,V (1631)-Cherkashyn,V (1889) Golden Sands 2015}) 8... Nfd7 9. d4 Be7 10. c4 b6 (10... Nb6 $14) 11. b3 Bb7 12. Bb2 Na6 13. Rc1 Nc7 (13... Nb4 $11) 14. Qe2 Qe8 15. Rfd1 h6 (15... Qh5 $11 {remains equal.}) 16. Nf1 g5 17. N3d2 g4 18. Ne3 Qg6 19. Bf1 (19. cxd5 $14 Ba6 20. Qe1 exd5 21. f4) 19... Bg5 (19... h5 $11) 20. Ng2 ({White should try} 20. cxd5 $14 exd5 21. Qd3) 20... Rf7 (20... dxc4 $15 21. Qxc4 Nd5) 21. Rc3 (21. f4 $14 gxf3 22. Qxf3) 21... Rh7 22. f4 gxf3 23. Nxf3 h5 $2 (23... c5 $11 {and Black is okay.}) 24. Nxg5 $18 Qxg5 25. h4 $36 {[%mdl 2048] White is in control.} Qg7 26. Bc1 (26. Nf4 $18) 26... Kh8 $2 (26... c5 $16) 27. Bg5 dxc4 28. bxc4 c5 {and if ...cxd4 works, Black does fine.} 29. Nf4 Rf8 (29... cxd4 {was worth a try.} 30. Rcd3 Qf7 31. Rxd4 Nc5 32. Rd8+ Ne8 33. Rxa8 Bxa8) 30. Bg2 Kg8 $2 (30... Bxg2 31. Kxg2 cxd4 32. Rxd4 Kg8 33. Nxh5 Qf7) 31. Bxb7 cxd4 32. Rxd4 Nc5 33. Bf3 N7a6 34. Bf6 Rxf6 35. exf6 Qxf6 36. Qe3 Rg7 37. Nxh5 {[%mdl 64] [#] Double Attack} Qg6 38. Nxg7 Qxg3+ 39. Bg2 Qxe3+ 40. Rxe3 e5 41. Rd8+ (41. Rd6 $142 Kxg7 42. Rxe5 Kf8 43. Rf6+ Kg7 44. Rexf5 Nd7 45. Rf7+ {[%mdl 64] Double Attack} Kg6 46. Be4) 41... Kxg7 42. Rxe5 Kf6 43. Ree8 Ne4 44. Ra8 Nac5 45. Bxe4 {White mates.} Nxe4 {[#]} 46. Rxe4 $1 fxe4 47. Kf2 Ke5 48. Ke3 {Accuracy: White = 54%, Black = 26%.} 1-0

[Event "Stay Safe Play From Home 347"]
[Site "Emanuel Lasker Arena"]
[Date "2020.07.31"]
[Round "2"]
[White "Mepe_Nika"]
[Black "Buzaglo"]
[Result "1-0"]
[WhiteElo "2402"]
[BlackElo "1839"]
[Annotator "TA"]
[PlyCount "93"]
[EventDate "2020.07.31"]
[EventType "swiss (blitz)"]

{[%evp 9,93,12,21,18,14,16,9,21,63,57,61,14,31,23,30,27,35,22,35,-77,22,22,28,30,69,43,44,23,16,-40,30,14,79,79,85,77,106,104,101,105,139,132,123,123,354,186,191,187,418,430,421,404,552,550,794,392,779,381,537,519,504,393,416,0,474,460,391,284,284,243,527,487,1459,1428,29979,29980,29977,29978,29987,29988,29990,29991,29991,29991,29992,29992]} 1. d4 e6 2. Bf4 d5 3. e3 Bd6 4. Bxd6 Qxd6 5. c4 dxc4 6. Nc3 {D00: 1 d4 d5: Unusual lines.} Nf6 7. Bxc4 O-O 8. Nf3 {The position is equal.} Nc6 9. O-O a6 {[#]} 10. a4 $146 ({Predecessor:} 10. a3 b5 11. Bd3 Bb7 12. Qc2 Ne7 13. e4 Nc6 14. e5 Nxd4 15. Nxd4 Qxd4 16. exf6 Qxf6 17. Bxh7+ {1-0 (27) Froehlich Dill,A (1780)-Jelinek,S (1294) Eschborn 2018}) 10... Bd7 11. a5 Qe7 12. Qb3 Rab8 13. Rfd1 Rfd8 14. Rac1 (14. Be2 $14 {stays ahead.}) 14... Be8 ({Better is} 14... Nxa5 $17 15. Qa2 Qb4) 15. Qa2 $11 Na7 16. Ne5 c6 17. Bd3 Nb5 18. Nxb5 axb5 19. Bb1 (19. Qb1 $11) 19... Nd7 (19... Ra8 $15) 20. Nd3 Nf6 (20... e5 $11) 21. b4 $16 {Black is on the road to losing.} Nd5 22. Qd2 f5 23. Nc5 Bg6 24. f3 Qf6 25. e4 fxe4 26. fxe4 Ne7 $2 (26... Nc7 $16 {was necessary.}) 27. e5 (27. Ba2 $142) 27... Qf7 $18 28. Rf1 $1 $36 {[%cal Rf1f7][%mdl 2048] Black is under strong pressure.} Qe8 $2 (28... Bf5 29. Rf3 Qe8) 29. Nxe6 Bxb1 30. Nxd8 ({Not} 30. Rxb1 Rd7 $18) 30... Bg6 31. Ne6 Nd5 32. Nf4 (32. Rf8+ $142 Qxf8 33. Nxf8 Rxf8 34. a6 $1 {[%mdl 576] Deflection} bxa6 35. Rxc6) 32... Bf7 $2 {[#]} (32... Nxf4 33. Qxf4 Rd8) 33. Rce1 (33. e6 $142 $1) 33... Be6 (33... Nxf4 {keeps fighting.} 34. Rxf4 Qd7) 34. Nxe6 Qxe6 35. Qf2 Re8 36. Qd2 $2 (36. Rb1 $18) 36... Qe7 $2 {[%mdl 8192]} (36... Rb8 $1 $11 37. Rf3 h6) 37. Rb1 h6 38. a6 bxa6 39. Rfc1 c5 $2 (39... Qd7 40. Ra1 Nc7) 40. Rxc5 Nf4 (40... Rd8 $142 41. Qa2 Qd7) 41. Qxf4 Qg5 42. Qxg5 {White mates.} hxg5 43. Rbc1 a5 44. Rc8 a4 45. Rxe8+ Kf7 46. Rcc8 Kg6 47. Re6+ {Accuracy: White = 62%, Black = 37%.} 1-0

[Event "Stay Safe Play From Home 347"]
[Site "Emanuel Lasker Arena"]
[Date "2020.07.31"]
[Round "2"]
[White "Nuktotitakoi"]
[Black "NTBT_DHS"]
[Result "0-1"]
[WhiteElo "2258"]
[BlackElo "2587"]
[Annotator "TA"]
[PlyCount "60"]
[EventDate "2020.07.31"]
[EventType "swiss (blitz)"]

{[%evp 9,60,-40,-34,-41,-47,-54,-4,-56,-23,-18,-11,-114,37,58,91,97,169,184,170,173,158,85,91,17,15,9,37,26,22,1,7,30,68,-33,56,45,52,39,41,39,317,161,145,73,81,74,72,77,72,26,102,-819,-797]} 1. e4 g6 2. Nc3 Bg7 3. d4 d6 4. h4 Nc6 {[#]} 5. h5 $146 ({Predecessor:} 5. Be3 e5 6. dxe5 Nxe5 7. h5 Nf6 8. h6 Bf8 9. f3 Be7 10. Qd2 O-O 11. O-O-O c6 12. g4 {1-0 (55) Beerdsen,T (2483)-Lobron,E (2530) Amsterdam 2017}) 5... Nxd4 6. h6 {B06: Modern Defence.} Bf6 7. Be3 c5 8. Nge2 (8. Nd5 $11) 8... e5 9. Nd5 $1 Be6 10. c3 (10. Nec3 $11 {remains equal.}) 10... Nxe2 $2 (10... Bxd5 $1 $17 11. exd5 Nf5) 11. Bxe2 $14 Bxd5 12. Qxd5 Qc7 (12... Qd7 $16 {is a better defense.}) 13. Bb5+ $18 {[%mdl 1024] White has strong compensation.} Kf8 14. O-O-O Rd8 15. Rhf1 ({Better is} 15. Bc4 $1) 15... Ne7 16. Qd3 (16. Qb3 $16) 16... a6 $11 17. Ba4 b5 18. Bc2 Nc6 19. f4 exf4 20. Bxf4 Be5 21. Kb1 (21. Bg5 $14) 21... Qe7 (21... Bxf4 $15 22. Rxf4 Ne5) 22. Qd5 $36 {[%mdl 2048] White is more active.} Bxf4 23. Qxc6 Bxh6 24. Qxa6 b4 $2 {[%mdl 8192]} (24... Kg7 $14) 25. cxb4 (25. Bb3 $142 Qxe4+ 26. Ka1 $1 {[%mdl 512]}) 25... Kg7 $18 26. Bb3 (26. b5 $142) 26... Rhf8 $16 {[#]} 27. bxc5 $1 dxc5 28. Rxd8 Qxd8 29. Qc4 {[%cal Rf1f7]} f6 (29... Qe7 $11) 30. Qxc5 $2 {[%mdl 8192]} (30. Rd1 $16 Qe7 31. Qe6 Qxe6 32. Bxe6) 30... Qd3+ {[%mdl 64] Double Attack. Accuracy: White = 43%, Black = 46%.} 0-1